[Event "Manhem IM Swiss 2002"]
[Site "?"]
[Date "2002.06.08"]
[Round "1"]
[White "Pilgaard, Kim"]
[Black "Polej, Vladimir"]
[Result "1-0"]
[WhiteElo "2426"]
[BlackElo "2334"]
[PlyCount "125"]
[EventDate "2003.06.08"]

1. e4 g6 2. d4 Bg7 3. Nc3 c6 4. Be2 d5 5. e5 Nh6 6. h3 f6 7. Nf3 O-O 8. O-O a5
9. a4 Nf7 10. exf6 exf6 11. Bd3 Na6 12. Nb1 Nc7 13. Re1 Ne6 14. Ra3 f5 15. Bf1
Qf6 16. Rd3 f4 17. b3 Neg5 18. Ba3 Nxf3+ 19. Qxf3 Ng5 20. Qd1 Bf5 21. Be7 Qf7
22. Bxg5 Bxd3 23. Qxd3 h6 24. Re7 Qf5 25. Rxg7+ Kxg7 26. Be7 Rfe8 27. Qxf5 gxf5
28. Bd6 Re1 29. Nd2 Rd1 30. Bxf4 Re8 31. Kh2 h5 32. Bd3 Ree1 33. Nf3 Rh1+ 34.
Kg3 Kf6 35. Bg5+ Ke6 36. Bd2 b6 37. Kf4 Kf6 38. Bxf5 Rhf1 39. Be3 Ra1 40. Bd7
Ra2 41. Bxc6 Rxc2 42. Bxd5 Rd1 43. Ne5 Rc7 44. Nc4 Rd7 45. Nxb6 Rd6 46. Bf3 Rb1
47. Nc4 Ra6 48. Nd2 Rb2 49. Bxh5 Ke7 50. Ke4 Re6+ 51. Kd3 Rc6 52. Bf3 Rc8 53.
h4 Kf7 54. h5 Kg8 55. h6 Ra2 56. g4 Ra1 57. g5 Rg1 58. Bd5+ Kh8 59. Nf3 Rg2 60.
Ne5 Rg1 61. Nf7+ Kh7 62. Be4+ Kg8 63. g6 1-0

[Event "Manhem IM Swiss 2002"]
[Site "?"]
[Date "2002.06.09"]
[Round "1"]
[White "Rausis, Igor"]
[Black "Labuckas, Aidas"]
[Result "0-1"]
[WhiteElo "2478"]
[BlackElo "2355"]
[PlyCount "96"]
[EventDate "2003.06.08"]

1. d4 Nf6 2. c4 c5 3. e3 g6 4. Nf3 Bg7 5. Be2 O-O 6. O-O Na6 7. Nc3 d6 8. b3
Bf5 9. Bb2 Ne4 10. Nxe4 Bxe4 11. Qd2 b6 12. a3 Nb8 13. b4 Nd7 14. Ng5 Bb7 15.
Nh3 Rb8 16. Rfd1 Ba8 17. f3 cxd4 18. Bxd4 Nf6 19. Rac1 Bc6 20. e4 Ba4 21. Re1
Bd7 22. Nf2 Bc6 23. Be3 Qd7 24. Nd3 Rfd8 25. Bf1 Qe8 26. Qf2 Nd7 27. Nf4 e6 28.
Ne2 Qe7 29. Nd4 Ba8 30. Nb5 Ne5 31. Red1 Bc6 32. a4 f5 33. exf5 gxf5 34. Qg3
Kh8 35. Bg5 Bf6 36. Rxd6 Nxf3+ 37. gxf3 Rg8 38. Bxf6+ Qxf6 39. Rxc6 Qe5 40. Rc2
Qe3+ 41. Rf2 Rxg3+ 42. hxg3 Rg8 43. Nc7 Rxg3+ 44. Bg2 Rg6 45. b5 h5 46. f4 Qc1+
47. Kh2 Qe1 48. Rf3 Qd2 0-1

[Event "Manhem IM Swiss 2002"]
[Site "?"]
[Date "2002.06.08"]
[Round "1"]
[White "Pedersen, Öyvind"]
[Black "Carlsen, Magnus Oen"]
[Result "0-1"]
[WhiteElo "2051"]
[BlackElo "2163"]
[PlyCount "130"]
[EventDate "2003.06.08"]

1. e4 c5 2. c3 d5 3. exd5 Qxd5 4. d4 Nc6 5. Nf3 Nf6 6. Be2 Bg4 7. h3 Bf5 8. O-O
cxd4 9. cxd4 Bxb1 10. Rxb1 Rd8 11. Qa4 e6 12. Be3 Bd6 13. Bc4 Qe4 14. Qb3 O-O
15. Bd3 Qd5 16. Bc4 Qh5 17. Qxb7 Na5 18. Qb5 Nxc4 19. Qxc4 Nd5 20. a3 Qf5 21.
Rfd1 Qh5 22. Qd3 Kh8 23. Rbc1 Rb8 24. Rc2 g5 25. Qe4 Rg8 26. Qg4 Qg6 27. Rc6 f5
28. Qxg5 Qe8 29. Rxd6 Rxg5 30. Nxg5 f4 31. Bd2 Qg6 32. Nf3 Rg8 33. Ne1 f3 34.
g3 Qh5 35. Kh2 Nf6 36. Bc3 Ng4+ 37. Kg1 Qxh3 38. d5+ e5 39. Nxf3 Rf8 40. Bxe5+
Kg8 41. Rd3 Rxf3 42. Rxf3 Qh2+ 43. Kf1 Nxe5 44. Rf4 Qh1+ 45. Ke2 Qb1 46. Rdf6
Qd3+ 47. Ke1 Qxd5 48. R4f5 Qc4 49. Kd2 Qd3+ 50. Kc1 Kg7 51. Rf8 Qc4+ 52. Kd2
Qb3 53. f4 Qxb2+ 54. Ke3 Qxa3+ 55. Ke4 Ng4 56. R8f7+ Kg6 57. Rf8 Qe3+ 58. Kd5
Qd3+ 59. Ke6 Qe4+ 60. Re5 Nxe5 61. fxe5 Qc6+ 62. Ke7 Qc5+ 63. Ke8 Qxe5+ 64. Kd7
Qg7+ 65. Ke8 Qxf8+ 0-1

[Event "Manhem IM Swiss 2002"]
[Site "?"]
[Date "2002.06.08"]
[Round "1"]
[White "Slapikas, Vytautas"]
[Black "Olsson, Linus"]
[Result "1/2-1/2"]
[WhiteElo "2410"]
[BlackElo "2237"]
[PlyCount "70"]
[EventDate "2003.06.08"]

1. e4 c5 2. c3 d5 3. exd5 Qxd5 4. d4 Nc6 5. Nf3 cxd4 6. cxd4 e5 7. Nc3 Bb4 8.
Be2 Nxd4 9. Kf1 Qa5 10. Nxd4 exd4 11. Qxd4 Nf6 12. Bb5+ Kf8 13. Be2 Be6 14. Be3
Ke7 15. a3 Bxc3 16. bxc3 Rhd8 17. Qb4+ Qxb4 18. cxb4 Ne4 19. h4 b6 20. h5 Nd6
21. h6 g6 22. Re1 f6 23. Rh4 Kf7 24. Ba6 g5 25. Rd4 Nf5 26. Rd3 Nxh6 27. Rc1
Bf5 28. Rc7+ Kg6 29. Rxd8 Rxd8 30. Rxa7 Ng4 31. Bxb6 Rd6 32. Rb7 Bc8 33. Ra7
Bf5 34. Rb7 Bc8 35. Ra7 Bf5 1/2-1/2

[Event "Manhem IM Swiss 2002"]
[Site "?"]
[Date "2002.06.08"]
[Round "1"]
[White "von Bahr, Oscar"]
[Black "Aleksejev, Vadim"]
[Result "0-1"]
[WhiteElo "2249"]
[BlackElo "2407"]
[PlyCount "84"]
[EventDate "2003.06.08"]

1. e4 e6 2. d4 d5 3. Nc3 Bb4 4. e5 b6 5. a3 Bf8 6. Nf3 Qd7 7. Bb5 c6 8. Ba4 Ba6
9. Ne2 Bb5 10. Bb3 c5 11. c3 Nc6 12. O-O cxd4 13. cxd4 Na5 14. Bc2 Rc8 15. Re1
Ne7 16. Ng3 Qc6 17. a4 Qxc2 18. Qxc2 Rxc2 19. axb5 Nb3 20. Rb1 h6 21. Be3 Kd7
22. Red1 Rc4 23. Nd2 Nxd2 24. Rxd2 Nc8 25. b3 Rc7 26. Nh5 g6 27. Nf6+ Kd8 28.
f3 Bg7 29. Bf4 Ne7 30. g4 Rc3 31. Kg2 Kc7 32. Ra2 Kb7 33. Bd2 Rc7 34. Bb4 Nc8
35. Kg3 Rd8 36. Rba1 Kb8 37. Kf4 Bxf6 38. exf6 Nd6 39. Bxd6 Rxd6 40. h4 Rdd7
41. Re2 Rc3 42. Re3 g5+ 0-1

[Event "Manhem IM Swiss 2002"]
[Site "?"]
[Date "2002.06.08"]
[Round "1"]
[White "Åkesson, Joel"]
[Black "Sarakauskas, Gediminas"]
[Result "1/2-1/2"]
[WhiteElo "2234"]
[BlackElo "2388"]
[PlyCount "89"]
[EventDate "2003.06.08"]

1. d4 Nf6 2. c4 e6 3. Nf3 d5 4. Nc3 Bb4 5. Qc2 O-O 6. cxd5 exd5 7. Bg5 h6 8.
Bh4 g5 9. Bg3 Ne4 10. e3 Bf5 11. Bd3 c5 12. O-O Bxc3 13. bxc3 c4 14. Bxe4 Bxe4
15. Qb2 b6 16. Ne5 h5 17. h4 gxh4 18. Bf4 f6 19. Nf3 h3 20. Nh4 hxg2 21. Nxg2
Qd7 22. f3 Bd3 23. Rf2 Kf7 24. Kh2 Nc6 25. e4 Rac8 26. exd5 Ne7 27. d6 Nd5 28.
Bg3 Rg8 29. Qa3 h4 30. Bxh4 Rxg2+ 31. Rxg2 Rh8 32. Kg3 Ne3 33. Rh2 Nf5+ 34. Kf2
Rxh4 35. Rxh4 Nxh4 36. Rh1 Nxf3 37. Kxf3 Qb7+ 38. Kf2 Qxh1 39. Qxa7+ Kg6 40.
Qe7 Qh4+ 41. Kf3 Qh3+ 42. Kf4 Qh2+ 43. Kf3 Bf5 44. Qe3 Kh5 45. Qe8+ 1/2-1/2

[Event "Manhem IM Swiss 2002"]
[Site "?"]
[Date "2002.06.08"]
[Round "1"]
[White "Westerinen, Heikki"]
[Black "Lahlum, Hans Olav"]
[Result "1-0"]
[WhiteElo "2403"]
[BlackElo "2218"]
[PlyCount "115"]
[EventDate "2003.06.08"]

1. e4 e6 2. d4 d5 3. Nc3 Bb4 4. Nge2 dxe4 5. a3 Bxc3+ 6. Nxc3 Nc6 7. d5 exd5 8.
Qxd5 Qxd5 9. Nxd5 Nd4 10. Nxc7+ Kd8 11. Bf4 Nxc2+ 12. Kd2 Nxa1 13. Nxa8 Nb3+
14. Kc3 Nc5 15. Bb8 a6 16. Bc4 Bd7 17. Rd1 Nf6 18. Nb6 Ke8 19. Bc7 Rg8 20. Kb4
Ne6 21. Be5 Bc6 22. Nc8 Nd7 23. Bd6 Nf6 24. Ne7 Rh8 25. Bxa6 Kd7 26. Bc4 Ra8
27. Nf5 Ke8 28. Be5 Kf8 29. h3 Ra4+ 30. Kc3 Ra5 31. Bd6+ Ke8 32. g4 Nd5+ 33.
Kc2 g6 34. Ng3 Nf6 35. Bb4 Ra8 36. Bc3 Ke7 37. Re1 Rc8 38. Kb3 b5 39. Bxe6 fxe6
40. Bxf6+ Kxf6 41. Nxe4+ Ke7 42. Nc5 Bd5+ 43. Kb4 Rf8 44. Nd3 Bc4 45. Re3 Rd8
46. Ne5 Bd5 47. Re2 Rb8 48. g5 Kd6 49. f4 Rf8 50. Rf2 Bc6 51. Ng4 Rf5 52. Rd2+
Kc7 53. Rd4 Kb6 54. Ne5 Bg2 55. h4 Kc7 56. Rd7+ Kb6 57. Rf7 Bd5 58. Rf6 1-0

[Event "Manhem IM Swiss 2002"]
[Site "?"]
[Date "2002.06.08"]
[Round "1"]
[White "Cech, Pavel"]
[Black "Smetankin, Stanislav"]
[Result "1/2-1/2"]
[WhiteElo "2337"]
[BlackElo "2455"]
[PlyCount "93"]
[EventDate "2003.06.08"]

1. d4 Nf6 2. Bg5 e6 3. e4 h6 4. Bxf6 Qxf6 5. Nc3 d6 6. Qd2 g5 7. Bc4 Nc6 8.
Nge2 Bg7 9. Rd1 Bd7 10. O-O O-O-O 11. f4 gxf4 12. Rxf4 Qe7 13. Rdf1 Rdf8 14.
Qe3 Kb8 15. R4f3 h5 16. Qf2 Nd8 17. Kh1 h4 18. h3 Qg5 19. d5 Rfg8 20. Qe3 Qxe3
21. Rxe3 c6 22. Ref3 Rh5 23. Nd1 b5 24. dxc6 Bxc6 25. Bd3 Rg5 26. c3 f5 27.
exf5 Nf7 28. fxe6 Ne5 29. Nd4 Bxf3 30. Nxf3 Nxf3 31. Rxf3 Bh6 32. Nf2 Re5 33.
Bf5 Rf8 34. Nd3 Rd5 35. Be4 Rg5 36. e7 Re8 37. Nb4 Kc7 38. Nd5+ Rxd5 39. Bxd5
Rxe7 40. Rf7 Rxf7 41. Bxf7 Bc1 42. Kg1 Bxb2 43. c4 b4 44. Kf2 Kc6 45. Ke3 Kc5
46. Kd3 Bf6 47. Be8 1/2-1/2

[Event "Manhem IM Swiss 2002"]
[Site "?"]
[Date "2002.06.08"]
[Round "1"]
[White "Eriksson, Joel"]
[Black "Lönngren, Tobias"]
[Result "0-1"]
[WhiteElo "1972"]
[BlackElo "2122"]
[PlyCount "78"]
[EventDate "2003.06.08"]

1. d4 d5 2. c4 c6 3. Nf3 Nf6 4. Nc3 dxc4 5. e4 b5 6. Qc2 a6 7. Be2 e6 8. Bg5
Qb6 9. O-O Bb7 10. Rfe1 Nbd7 11. Bf1 h6 12. Bh4 g5 13. Bg3 Nh5 14. Ne5 Nxe5 15.
Bxe5 Bg7 16. Bxg7 Nxg7 17. Rad1 O-O-O 18. b3 Rxd4 19. bxc4 Kb8 20. cxb5 axb5
21. Rxd4 Qxd4 22. Rd1 Qf6 23. Qd2 e5 24. Ne2 Qe7 25. Nc1 Ne6 26. Qc3 f6 27. Nb3
Rd8 28. Rc1 Qa3 29. Qc2 Nd4 30. Nxd4 Rxd4 31. Rd1 Qd6 32. Rb1 Rd2 33. Qb3 Qd4
34. Qf3 Qd6 35. Qb3 Qd4 36. Qf3 Qd6 37. Qb3 Qc5 38. Qf3 Qc2 39. Bd3 Qxd3 0-1

[Event "Manhem IM Swiss 2002"]
[Site "?"]
[Date "2002.06.09"]
[Round "1"]
[White "Andersson, Fredrik"]
[Black "Andersson, Tommy"]
[Result "1-0"]
[WhiteElo "2098"]
[BlackElo "2195"]
[PlyCount "179"]
[EventDate "2003.06.08"]

1. e4 c5 2. Nf3 d6 3. d4 cxd4 4. Nxd4 Nf6 5. Nc3 a6 6. Bc4 e6 7. Bb3 Nbd7 8.
O-O Nc5 9. Re1 Be7 10. f4 O-O 11. e5 dxe5 12. fxe5 Nxb3 13. Nxb3 Qxd1 14. Rxd1
Nd7 15. Bf4 Nb6 16. Ne4 Nd5 17. Bd2 b5 18. Nbc5 f5 19. Nd6 Rd8 20. b3 Bxd6 21.
exd6 Rxd6 22. c4 bxc4 23. bxc4 Nb6 24. Rac1 Ra7 25. Nb3 Rd3 26. Kf2 e5 27. Ke2
e4 28. Be3 Rb7 29. Na5 f4 30. Nxb7 Bg4+ 31. Kf1 fxe3 32. Re1 e2+ 33. Kf2 Rd1
34. h3 e3+ 35. Kxe3 Nxc4+ 36. Kf2 Ne5 37. Nc5 Bh5 38. g4 Bg6 39. Kxe2 Rd5 40.
Red1 Bf7 41. Rxd5 Bxd5 42. a3 a5 43. Ke3 Bg2 44. Kf4 Nc6 45. Nd7 Nd4 46. Ke3
Ne6 47. Ne5 g5 48. Kf2 Bd5 49. Rd1 Bb3 50. Rd7 Nf4 51. Nf3 h6 52. Nd4 Bc4 53.
Nf5 h5 54. Nd6 Be6 55. Ra7 Nxh3+ 56. Kg3 Bxg4 57. Rxa5 Be6 58. Ne4 h4+ 59. Kh2
g4 60. Ng5 g3+ 61. Kg2 Nxg5 62. Rxg5+ Kf7 63. a4 Ke7 64. a5 Kd7 65. Rh5 Kc7 66.
Rh7+ Kb8 67. Rxh4 Bd5+ 68. Kxg3 Ka7 69. Kf4 Bc4 70. Ke5 Be2 71. Rh6 Bf1 72. Kd4
Be2 73. Kc5 Bd3 74. Rb6 Be2 75. Kd6 Bd3 76. Kc7 Be4 77. Kd6 Bd3 78. Kc5 Be2 79.
Re6 Bd3 80. Kb4 Bf1 81. Rc6 Be2 82. a6 Bxa6 83. Ka5 Bd3 84. Rc7+ Kb8 85. Kb6
Bb1 86. Rc1 Ba2 87. Rc2 Bb3 88. Rb2 Be6 89. Re2 Bd7 90. Rf2 1-0

[Event "Manhem IM Swiss 2002"]
[Site "?"]
[Date "2002.06.08"]
[Round "1"]
[White "Bekker-Jensen, David"]
[Black "Pribyl, Josef"]
[Result "1/2-1/2"]
[WhiteElo "2323"]
[BlackElo "2413"]
[PlyCount "52"]
[EventDate "2003.06.08"]

1. d4 Nf6 2. c4 g6 3. g3 Bg7 4. Bg2 d5 5. cxd5 Nxd5 6. e4 Nb6 7. Ne2 e5 8. d5
c6 9. O-O O-O 10. Nbc3 Na6 11. b3 Bd7 12. Ba3 Re8 13. Qd2 Rc8 14. Rfd1 Qf6 15.
Qe3 Bf8 16. Bxf8 Rxf8 17. a4 Rcd8 18. Rac1 c5 19. Nb5 Nc8 20. Nec3 b6 21. Na3
Nb4 22. Bf1 Kg7 23. Bb5 Bg4 24. Be2 h5 25. h4 Bd7 26. Bb5 Bg4 1/2-1/2

[Event "Manhem IM Swiss 2002"]
[Site "?"]
[Date "2002.06.09"]
[Round "1"]
[White "Helin, Mikael"]
[Black "Andersen, Alf Roger"]
[Result "1/2-1/2"]
[WhiteElo "2016"]
[BlackElo "2144"]
[PlyCount "92"]
[EventDate "2003.06.08"]

1. e4 c5 2. c4 g6 3. Nc3 Bg7 4. g3 Nc6 5. Bg2 d6 6. d3 Nf6 7. h3 O-O 8. Nge2 a6
9. O-O Bd7 10. f4 Rb8 11. g4 b5 12. Bd2 bxc4 13. dxc4 Rxb2 14. Ng3 Na5 15. Bc1
Rb4 16. f5 Rxc4 17. Bd2 Rb4 18. g5 Ne8 19. Nd5 Ra4 20. f6 exf6 21. gxf6 Nxf6
22. Bg5 Nxd5 23. Bxd8 Ne3 24. Qf3 Nxf1 25. Rxf1 Rxd8 26. Qxf7+ Kh8 27. Qe7 Nc6
28. Qxd6 Rxa2 29. e5 Bxe5 30. Rf8+ Kg7 31. Rxd8 Bxd6 32. Rxd7+ Ne7 33. Rxd6 c4
34. Rd7 Kf6 35. Ne4+ Ke6 36. Rc7 Rc2 37. Ra7 Ra2 38. Bf1 Ra1 39. Kf2 Ra2+ 40.
Be2 Nf5 41. Nc3 Ra3 42. Rxa6+ Rxa6 43. Bxc4+ Ke5 44. Bxa6 h5 45. Nb1 g5 46. Bd3
g4 1/2-1/2

[Event "Manhem IM Swiss 2002"]
[Site "?"]
[Date "2002.06.08"]
[Round "1"]
[White "Mandelbaum, René"]
[Black "Westin, Bertil"]
[Result "1-0"]
[WhiteElo "2169"]
[BlackElo "2072"]
[PlyCount "63"]
[EventDate "2003.06.08"]

1. e4 c5 2. Nf3 Nc6 3. d4 cxd4 4. Nxd4 Nf6 5. Nc3 d6 6. Bc4 e6 7. Be3 a6 8. Bb3
Bd7 9. Qe2 b5 10. a3 Rc8 11. f3 Na5 12. g4 h6 13. h4 Nc4 14. Bxc4 Rxc4 15.
O-O-O Qc7 16. g5 Nh5 17. Qd3 g6 18. Nde2 hxg5 19. hxg5 a5 20. b3 Rc6 21. Nxb5
Qb8 22. Bd4 Rg8 23. Be5 Rxc2+ 24. Qxc2 Bxb5 25. Bb2 Bxe2 26. Qxe2 Ng3 27. Qc4
Nxh1 28. Qc6+ Kd8 29. Bf6+ Be7 30. Rxd6+ Qxd6 31. Qxd6+ Kc8 32. Bxe7 1-0

[Event "Manhem IM Swiss 2002"]
[Site "?"]
[Date "2002.06.08"]
[Round "1"]
[White "Kinnmark, Ove"]
[Black "Fendrich, David"]
[Result "1/2-1/2"]
[WhiteElo "2364"]
[BlackElo "2197"]
[PlyCount "52"]
[EventDate "2003.06.08"]

1. e4 c5 2. Nf3 e6 3. d4 cxd4 4. Nxd4 a6 5. Bd3 Bc5 6. Nb3 Be7 7. O-O Qc7 8. c4
Nf6 9. Nc3 O-O 10. f4 d6 11. Be3 Nbd7 12. Rc1 b6 13. g4 Nc5 14. Nxc5 bxc5 15.
g5 Nd7 16. Rc2 Re8 17. h4 Nb8 18. Rg2 Nc6 19. h5 Rb8 20. b3 Bf8 21. Bc1 Qa5 22.
Bd2 Qd8 23. Rg3 Rb7 24. Bb1 Rd7 25. Bc1 Bb7 26. Qg4 Nd4 1/2-1/2

[Event "Manhem IM Swiss 2002"]
[Site "?"]
[Date "2002.06.09"]
[Round "2"]
[White "Olsson, Linus"]
[Black "Wallin, Dennis"]
[Result "1/2-1/2"]
[WhiteElo "2277"]
[BlackElo "2114"]
[PlyCount "33"]
[EventDate "2003.06.08"]

1. d4 g6 2. c4 Bg7 3. e4 d6 4. Nc3 Nf6 5. Nf3 O-O 6. Be2 e5 7. O-O Nc6 8. d5
Ne7 9. Ne1 Ne8 10. Be3 f5 11. f3 f4 12. Bf2 g5 13. c5 h5 14. cxd6 cxd6 15. Kh1
Rf6 16. Nb5 a6 17. Nc3 1/2-1/2

[Event "Manhem IM Swiss 2002"]
[Site "?"]
[Date "2002.06.09"]
[Round "2"]
[White "Pribyl, Josef"]
[Black "Lichmann, Petr"]
[Result "1-0"]
[WhiteElo "2413"]
[BlackElo "2160"]
[PlyCount "113"]
[EventDate "2003.06.08"]

1. c4 Nf6 2. Nf3 c6 3. b3 d5 4. g3 Bf5 5. Bg2 e6 6. O-O Nbd7 7. Bb2 Bd6 8. d3
Qe7 9. Nbd2 O-O 10. a3 a5 11. Re1 e5 12. e4 dxe4 13. dxe4 Bg6 14. Nh4 Nc5 15.
Qc2 Bc7 16. b4 Na6 17. b5 Nc5 18. a4 Bb6 19. Ba3 Qe6 20. Nb3 Nxb3 21. Qxb3 Rfc8
22. Rab1 Bd4 23. c5 Qg4 24. Nxg6 hxg6 25. Qc4 Qd7 26. Rb3 Rd8 27. Reb1 Ng4 28.
Rf3 Nf6 29. Rfb3 Ng4 30. Rf1 Nf6 31. Kh1 Qe7 32. bxc6 bxc6 33. Rb6 Ng4 34. Qe2
Qe6 35. Bf3 Nf6 36. Rfb1 Rd7 37. Kg2 Rad8 38. h4 Qe7 39. Rxc6 Bc3 40. Rd6 Bb4
41. Bxb4 axb4 42. Rxd7 Nxd7 43. c6 Nb8 44. Qb5 Qc7 45. Rc1 Re8 46. Bg4 Rd8 47.
a5 b3 48. a6 b2 49. Qxb2 Nxa6 50. Qb7 Qxb7 51. cxb7 Kf8 52. Rc8 Ke7 53. Ra8 Nb8
54. Bc8 Nc6 55. b8=Q Nxb8 56. Rxb8 Rd4 57. Kf3 1-0

[Event "Manhem IM Swiss 2002"]
[Site "?"]
[Date "2002.06.09"]
[Round "2"]
[White "Westin, Bertil"]
[Black "Rausis, Igor"]
[Result "0-1"]
[WhiteElo "2072"]
[BlackElo "2478"]
[PlyCount "60"]
[EventDate "2003.06.08"]

1. d4 d5 2. c4 dxc4 3. e3 Be6 4. Qc2 c5 5. Bxc4 Bxc4 6. Qxc4 cxd4 7. exd4 Nf6
8. Nc3 e6 9. Bf4 Nc6 10. Nf3 Be7 11. O-O O-O 12. Rad1 Nb4 13. a3 Nbd5 14. Nxd5
Nxd5 15. Be5 Qb6 16. Rd2 Rac8 17. Qd3 Rc6 18. Rc2 Rfc8 19. Rfc1 Qxb2 20. Rxb2
Rxc1+ 21. Qf1 Rxf1+ 22. Kxf1 b6 23. Rb3 Rc1+ 24. Ke2 Rc2+ 25. Nd2 Ra2 26. Bb8
Bxa3 27. Kd3 Nb4+ 28. Ke4 f5+ 29. Ke5 Nc6+ 30. Kxe6 Nxd4+ 0-1

[Event "Manhem IM Swiss 2002"]
[Site "?"]
[Date "2002.06.09"]
[Round "2"]
[White "Sarakauskas, Gediminas"]
[Black "Mohammadi, Amir"]
[Result "1-0"]
[WhiteElo "2388"]
[BlackElo "2149"]
[PlyCount "119"]
[EventDate "2003.06.08"]

1. d4 f5 2. c4 Nf6 3. g3 e6 4. Bg2 Be7 5. Nh3 O-O 6. O-O c6 7. Nc3 d5 8. b3 b6
9. Bb2 Ba6 10. Qd3 Qe8 11. Qe3 Bd6 12. c5 bxc5 13. dxc5 Bc7 14. Nf4 Bxf4 15.
gxf4 Nbd7 16. Rfd1 Rb8 17. Rd4 Ng4 18. Qd2 Rf6 19. h3 Nh6 20. Ra4 Bb7 21. Rxa7
Rg6 22. Na4 Nf7 23. Kh2 Qe7 24. Rg1 Qh4 25. Qd4 Nf6 26. Bf3 Rh6 27. Rg3 e5 28.
fxe5 f4 29. Rxg7+ Kxg7 30. exf6+ Kg8 31. Bg2 Bc8 32. Bc1 Bxh3 33. Qxf4 Bxg2+
34. Qxh4 Rxh4+ 35. Kxg2 Rg4+ 36. Kh3 h5 37. Nb6 Re8 38. Re7 Re4 39. Rxe8+ Rxe8
40. e3 Kh7 41. a4 Kg6 42. Bb2 Ng5+ 43. Kh2 Rb8 44. b4 Ne4 45. f3 Nd2 46. Kg2
Nc4 47. Bd4 Nd2 48. Nd7 Rxb4 49. Ne5+ Kxf6 50. Nxc6+ Rxd4 51. exd4 Ke6 52. a5
Kd7 53. Nb4 Nb3 54. a6 Kc8 55. Nc2 Na5 56. Kg3 Nc6 57. Kh4 Kb8 58. Kxh5 Ka7 59.
f4 Kxa6 60. f5 1-0

[Event "Manhem IM Swiss 2002"]
[Site "?"]
[Date "2002.06.09"]
[Round "2"]
[White "Smetankin, Stanislav"]
[Black "Andersson, Fredrik"]
[Result "1-0"]
[WhiteElo "2455"]
[BlackElo "2098"]
[PlyCount "77"]
[EventDate "2003.06.08"]

1. e4 c5 2. Nf3 Nc6 3. d4 cxd4 4. Nxd4 g6 5. Be2 Nf6 6. Nc3 Bg7 7. Nb3 O-O 8.
O-O d6 9. Re1 Be6 10. Bf1 Rc8 11. Nd5 Bxd5 12. exd5 Nb4 13. c4 Nd7 14. a3 Na6
15. Rb1 Ne5 16. Nd2 Nc5 17. Nf3 Ncd7 18. b3 a5 19. Nd4 a4 20. f4 Qb6 21. fxe5
dxe5 22. b4 exd4 23. Bg5 f6 24. Bf4 f5 25. Rxe7 Qd8 26. d6 Bf6 27. Re6 Re8 28.
Qe2 Nf8 29. Rxe8 Qxe8 30. Qxe8 Rxe8 31. c5 Re4 32. Bh6 g5 33. Bc4+ Ne6 34. b5
d3 35. Bxd3 Rd4 36. Bc2 Rh4 37. c6 Rxh6 38. c7 Bd4+ 39. Kf1 1-0

[Event "Manhem IM Swiss 2002"]
[Site "?"]
[Date "2002.06.09"]
[Round "2"]
[White "Lönngren, Tobias"]
[Black "Westerinen, Heikki"]
[Result "1/2-1/2"]
[WhiteElo "2122"]
[BlackElo "2403"]
[PlyCount "79"]
[EventDate "2003.06.08"]

1. Nf3 d5 2. d4 Bf5 3. c4 e6 4. Qb3 Nc6 5. c5 Qc8 6. Nc3 Nf6 7. Bf4 Be7 8. h3
O-O 9. e3 Ne4 10. Be2 Nxc3 11. Qxc3 b6 12. b4 bxc5 13. bxc5 Qb7 14. O-O Bf6 15.
Bd3 Bxd3 16. Qxd3 Rfb8 17. Rab1 Qc8 18. Rxb8 Rxb8 19. Rb1 Rb7 20. Rb3 Na5 21.
Rb5 Nc4 22. Qb3 Rxb5 23. Qxb5 c6 24. Qb4 h6 25. Nd2 Nxd2 26. Qxd2 Qb7 27. Qa5
Kf8 28. Qa4 Ke8 29. Qc2 Kd7 30. Qh7 Qc8 31. a4 Qf8 32. a5 a6 33. g4 Bg5 34. Qb1
Bxf4 35. exf4 Qc8 36. f5 Qc7 37. fxe6+ Kxe6 38. Qf5+ Ke7 39. f4 Kf8 40. Qe5
1/2-1/2

[Event "Manhem IM Swiss 2002"]
[Site "?"]
[Date "2002.06.09"]
[Round "2"]
[White "Areklett, Ivar"]
[Black "Kinnmark, Ove"]
[Result "0-1"]
[WhiteElo "2099"]
[BlackElo "2364"]
[PlyCount "132"]
[EventDate "2003.06.08"]

1. e4 c5 2. Nf3 e6 3. d3 d5 4. Qe2 Nf6 5. g3 Nc6 6. Bg2 Be7 7. O-O O-O 8. e5
Nd7 9. c4 Nb6 10. Bf4 Nd4 11. Nxd4 cxd4 12. h4 Bd7 13. Nd2 Bc6 14. b3 Qd7 15.
Nf3 Bc5 16. Ng5 Rfd8 17. a3 Bf8 18. Rfc1 h6 19. Nf3 dxc4 20. bxc4 Na4 21. g4
Rab8 22. g5 Nc3 23. Qd2 hxg5 24. Bxg5 Be7 25. h5 Ne2+ 26. Qxe2 Bxf3 27. Bxf3
Bxg5 28. Rcb1 b6 29. Be4 Qc7 30. Rf1 Bf4 31. Rae1 Qxe5 32. Bh7+ Kxh7 33. Qxe5
Bxe5 34. Rxe5 Rd6 35. Rfe1 Rc8 36. f4 Rcc6 37. f5 exf5 38. Rxf5 Rf6 39. Rxf6
Rxf6 40. Re7 Rf3 41. Rxa7 f6 42. Rb7 Rxd3 43. Rxb6 Rc3 44. Rc6 Rxa3 45. Rd6 Kh6
46. Rxd4 Kxh5 47. Kf2 g5 48. Ke2 g4 49. c5 Rc3 50. Rd5+ Kh4 51. Rf5 Kh3 52. Kd2
Rc4 53. Kd3 Rc1 54. Kd2 g3 55. Rxf6 Rxc5 56. Ke2 Kg2 57. Rh6 Re5+ 58. Kd2 Re4
59. Kd3 Re8 60. Rh7 Kg1 61. Rg7 g2 62. Rh7 Kf1 63. Rf7+ Ke1 64. Rg7 Re2 65. Rg8
Kf1 66. Rg7 Rf2 0-1

[Event "Manhem IM Swiss 2002"]
[Site "?"]
[Date "2002.06.09"]
[Round "2"]
[White "Aleksejev, Vadim"]
[Black "Mandelbaum, René"]
[Result "1-0"]
[WhiteElo "2407"]
[BlackElo "2169"]
[PlyCount "65"]
[EventDate "2003.06.08"]

1. d4 Nf6 2. c4 c5 3. d5 b5 4. cxb5 a6 5. b6 Qxb6 6. Nc3 g6 7. Nf3 Bg7 8. e4 d6
9. Nd2 O-O 10. a4 a5 11. Bb5 Ba6 12. O-O Ne8 13. Nc4 Qd8 14. Bf4 Nc7 15. e5
dxe5 16. Bxe5 Bb7 17. Bxg7 Kxg7 18. Ne3 Nba6 19. Qb3 Nb4 20. Rad1 Nxb5 21. Nxb5
Kg8 22. Qc4 Rc8 23. d6 e6 24. d7 Rc6 25. Ng4 Qg5 26. h4 Qe7 27. Qc3 f6 28.
Nxf6+ Kf7 29. Ne8 Rxe8 30. dxe8=Q+ Kxe8 31. Qh8+ Kf7 32. Rd8 Ba6 33. Rg8 1-0

[Event "Manhem IM Swiss 2002"]
[Site "?"]
[Date "2002.06.09"]
[Round "2"]
[White "Andersen, Alf Roger"]
[Black "Slapikas, Vytautas"]
[Result "1/2-1/2"]
[WhiteElo "2144"]
[BlackElo "2410"]
[PlyCount "90"]
[EventDate "2003.06.08"]

1. e4 c6 2. d4 d5 3. Nc3 dxe4 4. Nxe4 Bf5 5. Ng3 Bg6 6. Bc4 e6 7. N1e2 Bd6 8.
O-O Ne7 9. Nf4 Qc7 10. Ngh5 O-O 11. g3 Nd5 12. Bb3 Nd7 13. c4 Nxf4 14. Nxf4 Nf6
15. Nxg6 hxg6 16. Qf3 Qa5 17. Rd1 Rad8 18. Be3 e5 19. Bd2 Qc7 20. d5 e4 21. Qe2
Be5 22. Bb4 c5 23. Be1 Bd4 24. Rac1 Qe5 25. Bc3 Rfe8 26. Bxd4 cxd4 27. f4 Qc7
28. Rxd4 Rxd5 29. cxd5 Qxc1+ 30. Kg2 b5 31. d6 Qc5 32. Rd1 Rd8 33. Qc2 Qh5 34.
d7 Qf3+ 35. Kg1 Qg4 36. Qc7 Rxd7 37. Qc8+ Kh7 38. Rxd7 Nxd7 39. Bxf7 Qd1+ 40.
Kg2 Qf3+ 41. Kg1 Qd1+ 42. Kg2 Qe2+ 43. Kg1 Qe1+ 44. Kg2 Qe2+ 45. Kg1 Qe1+
1/2-1/2

[Event "Manhem IM Swiss 2002"]
[Site "?"]
[Date "2002.06.09"]
[Round "2"]
[White "Carlsen, Magnus Oen"]
[Black "Pilgaard, Kim"]
[Result "1/2-1/2"]
[WhiteElo "2163"]
[BlackElo "2426"]
[PlyCount "73"]
[EventDate "2003.06.08"]

1. Nf3 c5 2. c4 Nc6 3. Nc3 g6 4. g3 Bg7 5. Bg2 e6 6. O-O Nge7 7. d3 O-O 8. Bd2
d5 9. Qc1 d4 10. Na4 b6 11. a3 a5 12. b4 axb4 13. axb4 Nxb4 14. Bxb4 cxb4 15.
Qb2 Bd7 16. Qxb4 Rb8 17. Rfb1 b5 18. cxb5 Rxb5 19. Qc4 Qb8 20. Rxb5 Qxb5 21.
Nd2 Rc8 22. Qxb5 Bxb5 23. Nc4 Rd8 24. Nab6 h5 25. Ra5 Be8 26. Rc5 Nf5 27. Rc7
Nd6 28. Nxd6 Rxd6 29. Rc8 Rxb6 30. Rxe8+ Bf8 31. Bf3 Kg7 32. Ra8 Rb2 33. Ra7
Bd6 34. Kg2 Be5 35. Bc6 Bb8 36. Rb7 Rxb7 37. Bxb7 1/2-1/2

[Event "Manhem IM Swiss 2002"]
[Site "?"]
[Date "2002.06.09"]
[Round "2"]
[White "Labuckas, Aidas"]
[Black "Jägerflod, Kent"]
[Result "1-0"]
[WhiteElo "2355"]
[BlackElo "2137"]
[PlyCount "47"]
[EventDate "2003.06.08"]

1. e4 e6 2. d4 d5 3. e5 Qd7 4. f4 b6 5. Nf3 Ba6 6. Bxa6 Nxa6 7. O-O c5 8. Qe2
Nb8 9. f5 exf5 10. Ng5 Nc6 11. e6 fxe6 12. Nxe6 Nge7 13. dxc5 Kf7 14. Re1 bxc5
15. Nxc5 Qd6 16. Nb7 Qd7 17. Nc5 Qd6 18. Ne6 Ng6 19. Nc3 Be7 20. Qh5 Bf6 21.
Bf4 Qb4 22. Nxd5 Qb5 23. Qxf5 Nce7 24. Ng5+ 1-0